|
|
|
แสดงรายละเอียดบรรณานุกรม |
|
|
Brief Record
: Get Marc (ISO 2709)
: E-mail record
: |
|
|
| LEADER 00000nam 2200000uu 4500 | |||
| 001 45707 | |||
| 003 ULIBM | |||
| 008 120913s2552||||th 000 0 tha d | |||
| 020 ^a9789742128944 | |||
| 082 0 ^aFic^bJ-T | |||
| 100 1 ^aJerome, Jerome K. | |||
| 245 1 ^aThree men in a boat =^bสามเกลอจอมป่วนล่องแม่น้ำเทมส์ /^cJerome K. Jerome | |||
| 260 ^aกรุงเทพฯ:^bซีเอ็ดยูเคชั่น,^c2552 | |||
| 300 ^a104 หน้า ;^c21 ซม. : 105 บาท | |||
| 440 ^aชุดอ่านอังกฤษ เก่งอังกฤษ | |||
| 700 0 ^aDiane Mowat | |||
| 999 ^aกัลยา เตชะ | |||
| คุณยังไม่ได้ล็อกอิน คุณสามารถมีกิจกรรมร่วมกับเว็บไซต์ได้ แต่ต้องล็อกอินก่อน :: |
|
| สถานะ | |||||||||
| 1. | หนังสือ | Fic J-T 2552 Barcode: 078032 | ►หนังสือทั่วไป | On Shelf ขอยืม | |||||
| 2. | หนังสือ | Fic J-T 2552 ฉ.2 Barcode: 078369 | ►หนังสือทั่วไป | On Shelf ขอยืม | |||||
| [แสดง 2/2 รายการ] | |||||||||

| รายการใกล้เคียง ผู้แต่ง [Jerome, Jerome K.] |
BibComment |
| คอมเมนท์ทรัพยากรรายการนี้ |
|
|
ห้องสมุดโรงเรียนสามัคคีวิทยาคม
159 ถ.บรรพปราการ ต.เวียง อ.เมือง จ.เชียงราย 57000
โทร. 053-711018 โทรสาร 053-713003